[Event "World Women's Team Pool B"]
[Site "Linares ESP"]
[Date "2025.11.19"]
[Round "4.15"]
[White "Buksa, Nataliya"]
[Black "Karimova, Guldona"]
[Result "1/2-1/2"]
[WhiteTitle "IM"]
[BlackTitle "WIM"]
[WhiteElo "2400"]
[BlackElo "2286"]
[WhiteTeam "Ukraine"]
[BlackTeam "Uzbekistan"]
[WhiteFideId "14123622"]
[BlackFideId "14210410"]
[EventDate "2025.11.18"]

1. e4 c5 2. Nf3 d6 3. d4 cxd4 4. Nxd4 Nf6 5. Nc3 Nc6 6. f3 e5 7. Nb3 Be7 8. Be3
Be6 9. Nd5 O-O 10. c3 Nb8 11. Bc4 Nxd5 12. Bxd5 Qc7 13. Qd3 Bxd5 14. Qxd5 Nd7
15. O-O Nb6 16. Bxb6 Qxb6+ 17. Kh1 Qc6 18. Rfd1 Rac8 19. Na5 Qxd5 20. Rxd5 Rc7
21. Rad1 g6 22. Nb3 f5 23. Nd2 Kf7 24. c4 fxe4 25. Nxe4 Rxc4 26. Nxd6+ Bxd6 27.
Rxd6 Re8 28. Kg1 Re7 29. b3 Rc2 30. R1d2 Rc1+ 31. Kf2 e4 32. fxe4 Rxe4 33. Rd8
Re7 34. R8d7 Rc7 35. Rxe7+ Kxe7 36. Ke3 Ke6 37. Ke4 Rc1 38. h4 Re1+ 39. Kf4 Rf1+
40. Ke4 Re1+ 41. Kf3 Rc1 42. Re2+ Kf6 43. Rd2 Ke6 44. Re2+ Kf6 45. g4 h5 46. Rf2
Ke5 47. Re2+ Kf6 48. Rf2 Ke5 49. Re2+ Kf6 50. Rf2 Ke5 51. Re2+ 1/2-1/2

[Event "World Women's Team Pool B"]
[Site "Linares ESP"]
[Date "2025.11.19"]
[Round "4.16"]
[White "Khalilova, Madinabonu"]
[Black "Piddubna, Bozhena"]
[Result "1-0"]
[WhiteTitle "WCM"]
[BlackTitle "WFM"]
[WhiteElo "2228"]
[BlackElo "2302"]
[WhiteTeam "Uzbekistan"]
[BlackTeam "Ukraine"]
[WhiteFideId "14223422"]
[BlackFideId "34109293"]
[EventDate "2025.11.18"]

1. d4 Nf6 2. c4 e6 3. g3 d5 4. Nf3 Be7 5. Bg2 O-O 6. O-O a5 7. Qc2 a4 8. Nc3
dxc4 9. Nxa4 c6 10. Nc3 Na6 11. Qd1 Nd5 12. Ne5 Nb6 13. e4 Bf6 14. Nf3 Nb4 15.
Be3 Nd3 16. b3 c5 17. e5 Be7 18. Qd2 cxd4 19. Bxd4 Bc5 20. Bxc5 Nxc5 21. Qe3 Qe7
22. b4 Nca4 23. a3 Nxc3 24. Qxc3 Qc7 25. Nd2 Bd7 26. Rfc1 Rfc8 27. Qd4 Bb5 28.
Ne4 Rd8 29. Nd6 Bc6 30. Bxc6 bxc6 31. Qe4 h6 32. Nxc4 Nxc4 33. Rxc4 Rd5 34. a4
Qb7 35. Rd4 Rb8 36. Rad1 Qa6 37. a5 Qb5 38. Qc2 Rxd4 39. Rxd4 Qxe5 40. Qd2 Qb5
41. Rd8+ Rxd8 42. Qxd8+ Kh7 43. Qb6 Qd5 44. h3 h5 45. Qc5 Qd1+ 46. Kg2 h4 47.
Qxc6 hxg3 48. Qe4+ Kg8 49. Qa8+ Kh7 50. Kxg3 Qd6+ 51. Kg2 Qxb4 52. a6 Qa5 53.
Qe4+ Kg8 54. Qc6 Kh7 55. Qc2+ Kg8 56. Qc4 Kh8 57. h4 Qa3 58. Qb5 Kh7 59. Qb7 Qa4
60. Kg3 Qa3+ 61. Kg2 Qa4 62. a7 Qg4+ 63. Kh1 Qxh4+ 64. Kg1 Qg5+ 65. Kf1 Qc1+ 66.
Ke2 Qc2+ 67. Kf3 Qd1+ 68. Kg3 Qd3+ 69. Kh2 Qd6+ 70. Kg2 Qf4 71. Qb1+ f5 72. a8=Q
Qg4+ 73. Kh1 1-0

[Event "World Women's Team Pool B"]
[Site "Linares ESP"]
[Date "2025.11.19"]
[Round "4.17"]
[White "Padmini, Rout"]
[Black "Daulyte-Cornette, Deimante"]
[Result "1/2-1/2"]
[WhiteTitle "IM"]
[BlackTitle "IM"]
[WhiteElo "2337"]
[BlackElo "2388"]
[WhiteTeam "India"]
[BlackTeam "France"]
[WhiteFideId "5029295"]
[BlackFideId "12802859"]
[EventDate "2025.11.18"]

1. e4 c5 2. Nf3 Nc6 3. d4 cxd4 4. Nxd4 e5 5. Nxc6 bxc6 6. Bd3 Nf6 7. O-O Bc5 8.
Nc3 Rb8 9. Na4 Be7 10. c4 d5 11. Nc3 d4 12. Na4 c5 13. b3 Bb7 14. Qe2 Bc6 15.
Nb2 O-O 16. Bc2 Rb6 17. f4 exf4 18. Bxf4 Bxe4 19. Bxe4 Re6 20. Bxh7+ Nxh7 21.
Qc2 Bd6 22. Nd3 Rfe8 23. Bxd6 Qxd6 24. Qf2 Rf6 25. Rae1 Rxe1 26. Qxe1 Re6 27.
Qg3 Qe7 28. Re1 Ng5 29. Rxe6 Nxe6 30. Qe5 Qh4 31. h3 Qh6 32. Kf2 Qd2+ 33. Qe2
Qg5 34. g3 Qf5+ 35. Kg2 Ng5 36. g4 Qc8 37. Qe5 Qb7+ 38. Qd5 Qe7 39. Qe5 Qb7+ 40.
Qd5 Qe7 41. Qe5 Qb7+ 42. Qd5 Qe7 1/2-1/2

[Event "World Women's Team Pool B"]
[Site "Linares ESP"]
[Date "2025.11.19"]
[Round "4.18"]
[White "Hejazipour, Mitra"]
[Black "Nandhidhaa, P V"]
[Result "1-0"]
[WhiteTitle "WGM"]
[BlackTitle "WGM"]
[WhiteElo "2335"]
[BlackElo "2302"]
[WhiteTeam "France"]
[BlackTeam "India"]
[WhiteFideId "12505951"]
[BlackFideId "5050847"]
[EventDate "2025.11.18"]

1. Nf3 Nf6 2. d4 d5 3. c4 e6 4. Nc3 Bb4 5. Bg5 h6 6. Bh4 dxc4 7. a3 Bxc3+ 8.
bxc3 b5 9. a4 c6 10. Qc1 Nbd7 11. g4 g5 12. Bg3 Ne4 13. Bg2 Bb7 14. Nd2 Nxg3 15.
hxg3 Nf6 16. axb5 Qc7 17. Nxc4 cxb5 18. Bxb7 Rb8 19. Na5 Rxb7 20. Nxb7 Qxb7 21.
f3 Kf8 22. Qa3+ Kg7 23. Qxa7 Qd5 24. Qc7 b4 25. Ra7 Rf8 26. Qc5 bxc3 27. Qxc3
Qb5 28. Kf2 Nd5 29. Qc5 Qb8 30. Rc1 Qb3 31. Ra3 Qb2 32. Raa1 Qb3 33. Qa3 Qb6 34.
Qd3 Rd8 35. Rab1 Qa7 36. Kg2 Nf6 37. e3 Nd5 38. e4 Qa2+ 39. Kg1 Nf6 40. Rd1 Rc8
41. Rd2 Qa5 42. Rc2 Rd8 43. Rd1 Qb6 44. Kg2 Qb7 45. Qc3 Kg6 46. d5 exd5 47. e5
Ne8 48. Rb2 Qc7 49. Qd3+ Kg7 50. Qd4 Kg8 51. Rb6 Ra8 52. Rxh6 Ra2+ 53. Rd2 Rxd2+
54. Qxd2 Qxe5 55. Qc2 Kf8 56. Qd2 Nf6 57. Rh1 d4 58. Re1 Qd5 59. Kf2 Qc5 60. Rd1
Kg7 61. Qxd4 Qc2+ 62. Rd2 Qc1 63. Kg2 Qe1 64. Rb2 Kg6 65. Qd3+ Kg7 66. Rb5 Qc1
67. Qf5 Nh7 68. Qe5+ Kg8 69. Rb2 Nf8 70. Qf6 Nd7 71. Qd8+ Kg7 72. Ra2 Nf6 73.
Qd4 Qb1 74. Qb2 Qd1 75. Ra6 Qd8 76. Qe5 Qd2+ 77. Kh3 1-0

[Event "World Women's Team Pool B"]
[Site "Linares ESP"]
[Date "2025.11.19"]
[Round "4.19"]
[White "Savitha, Shri B"]
[Black "Schippke, Manon"]
[Result "1/2-1/2"]
[WhiteTitle "IM"]
[BlackTitle "WIM"]
[WhiteElo "2319"]
[BlackElo "2339"]
[WhiteTeam "India"]
[BlackTeam "France"]
[WhiteFideId "35061887"]
[BlackFideId "45100446"]
[EventDate "2025.11.18"]

1. e4 e6 2. d4 d5 3. e5 c5 4. c3 Nc6 5. Nf3 Nge7 6. Na3 Bd7 7. Nc2 Qa5 8. Bd3
Nxd4 9. Ncxd4 cxd4 10. Nxd4 Nc6 11. Nxc6 Bxc6 12. O-O d4 13. cxd4 Qd5 14. Qg4 h5
15. Qg3 h4 16. Qg4 h3 17. f3 O-O-O 18. Be3 hxg2 19. Rfc1 f5 20. exf6 Qd6 21. Qg3
gxf6 22. Be4 Qd7 23. Bxc6 bxc6 24. f4 Kb7 25. Qf3 Bg7 26. Rc4 Qd5 27. Qxd5 exd5
28. Rc2 Rde8 29. Rc3 f5 30. Kxg2 Re4 31. Rd1 Rhe8 32. Kf3 Rh8 33. Kg2 Rhe8 34.
Rdd3 Rg8 35. Kf3 Rh8 36. Kg2 Rg8 37. Kf3 Rh8 1/2-1/2

[Event "World Women's Team Pool B"]
[Site "Linares ESP"]
[Date "2025.11.19"]
[Round "4.20"]
[White "Navrotescu, Andreea"]
[Black "Srija, Seshadri"]
[Result "0-1"]
[WhiteTitle "WGM"]
[BlackTitle "WGM"]
[WhiteElo "2265"]
[BlackElo "2285"]
[WhiteTeam "France"]
[BlackTeam "India"]
[WhiteFideId "675946"]
[BlackFideId "5055903"]
[EventDate "2025.11.18"]

1. d4 d5 2. c4 e6 3. Nc3 Nf6 4. Nf3 Be7 5. Bf4 O-O 6. e3 b6 7. Bd3 Ba6 8. cxd5
Nxd5 9. Nxd5 Qxd5 10. O-O Rc8 11. e4 Qb7 12. Rc1 Bxd3 13. Qxd3 Nd7 14. Rfd1 Nf6
15. d5 exd5 16. exd5 Bd6 17. Bg5 Nd7 18. Qf5 Nf8 19. h4 Re8 20. Be3 Qc8 21. Qd3
Qg4 22. Rc4 Qg6 23. Qxg6 Nxg6 24. h5 Ne7 25. g4 Rad8 26. Kg2 h6 27. b3 Kh7 28.
a4 Ng8 29. Nd4 Nf6 30. Nb5 Be5 31. Nxc7 Re7 32. Rdc1 Rdd7 33. Na6 Nxd5 34. Nb4
Nxe3+ 35. fxe3 Bb2 36. Rb1 Ba3 37. Nc2 Rd2+ 38. Kf3 Bd6 39. Nd4 g6 40. b4 Rh2
41. hxg6+ fxg6 42. Nb5 Be5 43. Re4 Rf7+ 44. Rf4 Bxf4 45. exf4 Rh3+ 46. Ke4 Re7+
47. Kd5 Rd3+ 48. Kc6 a6 49. Kxb6 axb5 50. Kxb5 Rb7+ 51. Kc6 Rdd7 52. b5 Rdc7+
53. Kd5 Rc8 54. a5 Rd7+ 55. Ke4 Re8+ 56. Kf3 Rd3+ 57. Kf2 Ra3 58. a6 Rb8 59. Ke2
Rxa6 60. Kd3 Ra4 0-1

[Event "World Women's Team Pool B"]
[Site "Linares ESP"]
[Date "2025.11.19"]
[Round "4.21"]
[White "Batsiashvili, Nino"]
[Black "Hou, Yifan"]
[Result "1/2-1/2"]
[WhiteTitle "GM"]
[BlackTitle "GM"]
[WhiteElo "2461"]
[BlackElo "2620"]
[WhiteTeam "Georgia"]
[BlackTeam "China"]
[WhiteFideId "13602993"]
[BlackFideId "8602980"]
[EventDate "2025.11.18"]

1. d4 Nf6 2. c4 e6 3. Nc3 Bb4 4. Nf3 Bxc3+ 5. bxc3 d6 6. Qc2 O-O 7. e4 e5 8. Bd3
Nc6 9. O-O exd4 10. cxd4 Bg4 11. d5 Nb4 12. Qc3 Nxd3 13. Qxd3 Bxf3 14. Qxf3 Nd7
15. Bb2 Re8 16. Rae1 f6 17. Re3 Re7 18. Rfe1 b6 19. h4 Qf8 20. h5 h6 21. Qf5 Ne5
22. Rg3 Kh8 23. Rc1 Qc8 24. Qf4 Qe8 25. Qf5 Qd7 26. Qf4 Qe8 27. Qf5 Qd7 28. Qf4
Qe8 1/2-1/2

[Event "World Women's Team Pool B"]
[Site "Linares ESP"]
[Date "2025.11.19"]
[Round "4.22"]
[White "Lu, Miaoyi"]
[Black "Javakhishvili, Lela"]
[Result "1/2-1/2"]
[WhiteTitle "IM"]
[BlackTitle "IM"]
[WhiteElo "2440"]
[BlackElo "2427"]
[WhiteTeam "China"]
[BlackTeam "Georgia"]
[WhiteFideId "8618020"]
[BlackFideId "13601458"]
[EventDate "2025.11.18"]

1. e4 e5 2. Nf3 Nc6 3. Nc3 Nf6 4. Nd5 d6 5. d4 Bg4 6. Bb5 a6 7. Bxc6+ bxc6 8.
Ne3 Bd7 9. dxe5 Nxe4 10. O-O Be7 11. exd6 cxd6 12. Qd4 Nf6 13. Nh4 Qa5 14. Qd3
g6 15. Nc4 Qd5 16. Qc3 Rd8 17. Nb6 Qe5 18. Qf3 Qe4 19. Nxd7 Rxd7 20. Bf4 Qxf3
21. Nxf3 Nd5 22. Bg3 Bf6 23. c3 h5 24. Rfe1+ Kf8 25. h4 Ne7 26. Re4 Kg7 27. Rd1
Nf5 28. Bh2 Rb7 29. Rd2 Rhb8 30. Bxd6 Nxd6 31. Rxd6 Rxb2 32. Rf4 Bxc3 33. Rxc6
R8b4 34. Rxb4 Bxb4 35. Rxa6 Bc5 36. a4 Rxf2 37. Kh2 Ra2 38. Kg3 Bb4 39. Kh3 Ra3
40. Kh2 Ra2 41. Kh3 Ra3 42. Kh2 1/2-1/2

[Event "World Women's Team Pool B"]
[Site "Linares ESP"]
[Date "2025.11.19"]
[Round "4.23"]
[White "Khotenashvili, Bella"]
[Black "Guo, Qi"]
[Result "1-0"]
[WhiteTitle "GM"]
[BlackTitle "IM"]
[WhiteElo "2424"]
[BlackElo "2384"]
[WhiteTeam "Georgia"]
[BlackTeam "China"]
[WhiteFideId "13602640"]
[BlackFideId "8604002"]
[EventDate "2025.11.18"]

1. c4 e6 2. g3 d5 3. Bg2 Nf6 4. cxd5 exd5 5. Nf3 Be7 6. O-O O-O 7. b3 Bg4 8. Bb2
Nbd7 9. Na3 Re8 10. Nc2 c6 11. d3 Bd6 12. Ne3 Bxf3 13. exf3 Be5 14. d4 Bd6 15.
Nf5 Bf8 16. Qd2 Kh8 17. h4 a5 18. a4 Qb6 19. Rab1 g6 20. Ne3 h5 21. Bc3 Kh7 22.
Nc2 Bh6 23. Qd1 Nf8 24. Ne1 N6d7 25. Bh3 Bg7 26. Nc2 c5 27. dxc5 Qxc5 28. Bxg7
Kxg7 29. Nd4 Ne5 30. Rc1 Qb6 31. Nb5 Red8 32. Re1 Nc6 33. Re2 Nh7 34. Rd2 Nf6
35. Qc2 Re8 36. Rcd1 Rad8 37. Qb2 Nb4 38. Bg2 Kh7 39. Re2 Rxe2 40. Qxe2 d4 41.
Qc4 Qe6 42. Qxe6 fxe6 43. Rxd4 Rc8 44. Rd6 Rc1+ 45. Bf1 Re1 46. Kg2 Nbd5 47. Bc4
Kg7 48. Rd8 b6 49. Rb8 Rb1 50. Nd4 e5 51. Ne6+ Kh7 52. Ng5+ Kg7 53. Ne6+ Kf7 54.
Nc7 Rd1 55. Rxb6 Kg7 56. Nxd5 Nxd5 57. Re6 Nb4 58. Rxe5 Nc2 59. g4 Kf6 60. Rxa5
Rd2 61. Kg3 Nd4 62. Ra6+ Kg7 63. Ra7+ Kf8 64. a5 Nc6 65. Rf7+ Ke8 66. a6 Ra2 67.
Rc7 1-0

[Event "World Women's Team Pool B"]
[Site "Linares ESP"]
[Date "2025.11.19"]
[Round "4.24"]
[White "Zhai, Mo"]
[Black "Arabidze, Meri"]
[Result "0-1"]
[WhiteTitle "WGM"]
[BlackTitle "IM"]
[WhiteElo "2384"]
[BlackElo "2408"]
[WhiteTeam "China"]
[BlackTeam "Georgia"]
[WhiteFideId "8600201"]
[BlackFideId "13604040"]
[EventDate "2025.11.18"]

1. d4 d5 2. c4 e6 3. Nc3 h6 4. Nf3 Nf6 5. e3 a6 6. b3 Bb4 7. Bd2 dxc4 8. bxc4 c5
9. a3 Ba5 10. Be2 cxd4 11. Nxd4 Nbd7 12. O-O O-O 13. Qc2 Nc5 14. Rfd1 Bd7 15.
Be1 Rc8 16. f3 Bc7 17. Bh4 Bb8 18. Nb3 Qc7 19. Bg3 Qb6 20. Nd4 Bxg3 21. hxg3 e5
22. Rab1 Qa5 23. Nb3 Qxa3 24. Kh2 b5 25. cxb5 Na4 26. Qa2 Qxa2 27. Nxa2 Bxb5 28.
Bxb5 axb5 29. Na5 e4 30. fxe4 Ng4+ 31. Kg1 Nxe3 32. Rd2 Rfd8 33. Rxd8+ Rxd8 34.
Nb3 Rd3 35. Nb4 Rc3 36. Nd4 Rc4 37. Nxb5 Rxe4 38. Nc6 Ng4 39. Nbd4 Nc3 40. Rb8+
Kh7 41. Kf1 Nd5 42. Rb7 Kg6 43. Rd7 Ndf6 44. Ra7 Nd5 45. Rd7 h5 46. Nf3 Nde3+
47. Kg1 Nf5 48. Rd5 f6 49. Ncd4 Nxg3 50. Rd7 Re8 51. Nc6 Ne2+ 52. Kf1 Ng3+ 53.
Kg1 Ra8 54. Ne7+ Kh7 55. Rd1 Ra2 56. Nd5 Ne2+ 57. Kf1 Ng3+ 58. Kg1 Kh6 59. Rb1
g5 60. Nb4 Re2 61. Nd5 h4 62. Rb6 Ra2 63. Rb1 Ne2+ 64. Kf1 Ng3+ 65. Kg1 Kg6 66.
Nb4 Re2 67. Nd4 Re4 68. Nf3 Ne2+ 69. Kf1 Nf4 0-1

[Event "World Women's Team Pool B"]
[Site "Linares ESP"]
[Date "2025.11.20"]
[Round "5.13"]
[White "Song, Yuxin"]
[Black "Osmak, Yuliia"]
[Result "1-0"]
[WhiteTitle "IM"]
[BlackTitle "IM"]
[WhiteElo "2448"]
[BlackElo "2452"]
[WhiteTeam "China"]
[BlackTeam "Ukraine"]
[WhiteFideId "8614300"]
[BlackFideId "14101602"]
[EventDate "2025.11.18"]

1. e4 c5 2. Nf3 d6 3. Nc3 Nf6 4. d4 cxd4 5. Nxd4 a6 6. h4 e5 7. Nb3 Be7 8. Bg5
Be6 9. Bxf6 Bxf6 10. g3 Be7 11. Nd5 O-O 12. Qd3 Nd7 13. O-O-O Bxd5 14. Qxd5 Qc7
15. Bh3 Nb6 16. Qd3 a5 17. Nd2 a4 18. a3 Ra5 19. Kb1 Rc5 20. Rc1 d5 21. exd5
Rxd5 22. Qe2 Rfd8 23. Rhd1 g6 24. Bg2 R5d7 25. Nf3 Nc4 26. Rxd7 Rxd7 27. Bf1
Nxa3+ 28. Ka2 Qc5 29. Qe3 Qd5+ 30. c4 Qa5 31. bxa3 Bf6 32. Bd3 e4 33. Bxe4 Re7
34. Qd2 Qb6 35. Rb1 Qc5 36. Bd5 Rd7 37. Rb5 Qa7 38. Qe3 Qb8 39. Qf4 Qd8 40. Ne5
Qe7 41. Nf3 Qe2+ 42. Nd2 Bc3 43. Rb2 Bxb2 44. Kxb2 b5 45. Qe3 Qd1 46. Ne4 Re7
47. cxb5 Kg7 48. Qc3+ Kg8 49. Nf6+ Kf8 50. Ne4 Qe2+ 51. Kc1 Kg8 52. b6 Qf1+ 53.
Kd2 Qb5 54. Qd4 Qa5+ 55. Ke2 Qb5+ 56. Kf3 1-0

[Event "World Women's Team Pool B"]
[Site "Linares ESP"]
[Date "2025.11.20"]
[Round "5.14"]
[White "Buksa, Nataliya"]
[Black "Lu, Miaoyi"]
[Result "0-1"]
[WhiteTitle "IM"]
[BlackTitle "IM"]
[WhiteElo "2400"]
[BlackElo "2440"]
[WhiteTeam "Ukraine"]
[BlackTeam "China"]
[WhiteFideId "14123622"]
[BlackFideId "8618020"]
[EventDate "2025.11.18"]

1. d4 Nf6 2. Nf3 d5 3. e3 e6 4. Bd3 b6 5. b3 Bb7 6. Bb2 Bd6 7. O-O O-O 8. c4
Nbd7 9. Nbd2 Ne4 10. Qc2 f5 11. cxd5 Nxd2 12. Qxd2 Nf6 13. Ne5 Nxd5 14. f4 c5
15. dxc5 Bxc5 16. Rf3 Rc8 17. a3 a5 18. Qe1 Nxe3 19. Rxe3 Qd5 20. Qf1 Bxe3+ 21.
Kh1 Qxb3 22. Rb1 Be4 23. Bd4 Bxg2+ 24. Kxg2 Qd5+ 25. Nf3 Bxd4 26. Qe2 Rf6 27.
Rb5 Qa8 28. h3 Rc1 29. Rb1 Rxb1 30. Bxb1 Bc5 31. Kh2 Qd5 32. a4 Qb3 33. Bd3 Bd6
34. h4 Bxf4+ 35. Kh3 Rg6 36. h5 Rg3+ 37. Kh4 Qd5 0-1

[Event "World Women's Team Pool B"]
[Site "Linares ESP"]
[Date "2025.11.20"]
[Round "5.15"]
[White "Guo, Qi"]
[Black "Zhukova, Natalia"]
[Result "1/2-1/2"]
[WhiteTitle "IM"]
[BlackTitle "GM"]
[WhiteElo "2384"]
[BlackElo "2322"]
[WhiteTeam "China"]
[BlackTeam "Ukraine"]
[WhiteFideId "8604002"]
[BlackFideId "14101513"]
[EventDate "2025.11.18"]

1. d4 d5 2. c4 e6 3. Nf3 Nf6 4. Nc3 c5 5. cxd5 cxd4 6. Qxd4 exd5 7. e4 dxe4 8.
Qxd8+ Kxd8 9. Ng5 Be6 10. Nxe6+ fxe6 11. Bg5 h6 12. O-O-O+ Ke7 13. Bxf6+ gxf6
14. Nxe4 Bg7 15. Ng3 h5 16. h4 Nc6 17. Bb5 Ne5 18. Kb1 Rac8 19. f4 Rc5 20. a4 a6
21. fxe5 axb5 22. exf6+ Bxf6 23. Ne4 Rf5 24. axb5 Rxb5 25. Nxf6 Kxf6 26. Rd3 Rg8
27. g3 Rg4 28. Rf1+ Rf5 29. Re1 Rb4 30. Re2 Rb6 1/2-1/2

[Event "World Women's Team Pool B"]
[Site "Linares ESP"]
[Date "2025.11.20"]
[Round "5.16"]
[White "Hnatyshyn, Anastasiia"]
[Black "Li, Xueyi"]
[Result "1/2-1/2"]
[WhiteTitle "WFM"]
[BlackTitle "WGM"]
[WhiteElo "2191"]
[BlackElo "2211"]
[WhiteTeam "Ukraine"]
[BlackTeam "China"]
[WhiteFideId "14198339"]
[BlackFideId "8605912"]
[EventDate "2025.11.18"]

1. e4 c6 2. d4 d5 3. Nc3 dxe4 4. Nxe4 Nf6 5. Nxf6+ exf6 6. Be3 Bd6 7. Bd3 Na6 8.
c3 Nc7 9. Qc2 h6 10. Ne2 O-O 11. O-O Nd5 12. Bd2 Qc7 13. Ng3 Nf4 14. Be4 Ne6 15.
Rfe1 Ng5 16. Bf5 g6 17. Bd3 Kg7 18. c4 h5 19. Nf1 h4 20. Qd1 Bf4 21. Bc3 Bd7 22.
g3 Rae8 23. Rxe8 Rxe8 24. gxh4 Nh3+ 25. Kg2 Bh6 26. Qf3 Qf4 27. Qg3 Qg4 28. Qxg4
Bxg4 29. f3 Nf4+ 30. Kg3 Bd7 31. Rd1 Bh3 32. Be4 Bxf1 33. Rxf1 Ne2+ 34. Kf2 Nxc3
35. bxc3 f5 36. Bd3 Bd2 37. Rb1 Bxc3 38. Rxb7 Bxd4+ 39. Kf1 Re3 40. Be2 Ra3 41.
c5 Rc3 42. Bd1 Bxc5 43. Kg2 Re3 44. Rd7 Re7 45. Rxe7 Bxe7 46. Kh3 Bd6 47. Bb3
Bf4 48. Kg2 c5 49. Bc4 f6 50. Bd3 Kf7 51. h5 gxh5 52. Bxf5 h4 53. h3 Ke7 54. Kf2
Kd6 55. Ke2 Ke5 56. Be4 Kd4 57. Bf5 Kc3 58. Be6 a5 59. Bd7 c4 60. Be6 Kd4 61.
Bf5 a4 62. Bg6 Kc3 63. Bf7 Kb4 64. Be6 Kc3 65. Bf7 Kd4 66. Bg6 Bh6 67. Bh7 c3
68. Bc2 Kc4 69. Bxa4 Kb4 70. Bb3 Ka3 71. Kd3 Kb2 72. Bc2 Kxa2 73. Kxc3 Bf4 1/2-1/2

[Event "World Women's Team Pool B"]
[Site "Linares ESP"]
[Date "2025.11.20"]
[Round "5.17"]
[White "Daulyte-Cornette, Deimante"]
[Black "Batsiashvili, Nino"]
[Result "1/2-1/2"]
[WhiteTitle "IM"]
[BlackTitle "GM"]
[WhiteElo "2388"]
[BlackElo "2461"]
[WhiteTeam "France"]
[BlackTeam "Georgia"]
[WhiteFideId "12802859"]
[BlackFideId "13602993"]
[EventDate "2025.11.18"]

1. e4 e5 2. Nf3 Nc6 3. Bc4 Bc5 4. c3 Nf6 5. d4 exd4 6. cxd4 Bb4+ 7. Nbd2 Bxd2+
8. Bxd2 Nxe4 9. d5 Ne7 10. Bb4 d6 11. O-O a5 12. Re1 axb4 13. Rxe4 O-O 14. Qe1
Ng6 15. Qxb4 Qf6 16. Rae1 Bd7 17. Qxb7 Rab8 18. Qxc7 Bf5 19. Rd4 Rfc8 20. Qa7
Ra8 21. Qb7 Rab8 22. Qa7 Ra8 23. Qb7 Rab8 24. Qa7 Ra8 1/2-1/2

[Event "World Women's Team Pool B"]
[Site "Linares ESP"]
[Date "2025.11.20"]
[Round "5.18"]
[White "Arabidze, Meri"]
[Black "Hejazipour, Mitra"]
[Result "1/2-1/2"]
[WhiteTitle "IM"]
[BlackTitle "WGM"]
[WhiteElo "2408"]
[BlackElo "2335"]
[WhiteTeam "Georgia"]
[BlackTeam "France"]
[WhiteFideId "13604040"]
[BlackFideId "12505951"]
[EventDate "2025.11.18"]

1. d4 d5 2. c4 e6 3. Nc3 Nf6 4. cxd5 exd5 5. Bg5 Be7 6. e3 c6 7. Bd3 O-O 8. Nf3
Nbd7 9. Qc2 Re8 10. h3 a5 11. O-O g6 12. Bf4 Nf8 13. Rae1 Ne6 14. Bh2 Ng7 15.
Ne5 Bf5 16. g4 Bxd3 17. Qxd3 Nd7 18. Re2 f6 19. Nf3 Nb6 20. Nd2 Bd6 21. Bxd6
Qxd6 22. f4 f5 23. Nf3 Nd7 24. Rg2 Qe6 25. Ne5 Nxe5 26. fxe5 Rf8 27. Ne2 fxg4
28. Nf4 Qf5 29. hxg4 Qxd3 30. Nxd3 Rxf1+ 31. Kxf1 Rf8+ 32. Ke2 Ne6 33. Rg1 Kg7
34. Rh1 Rf7 35. a3 a4 36. Rh2 Rf8 37. Rh1 1/2-1/2

[Event "World Women's Team Pool B"]
[Site "Linares ESP"]
[Date "2025.11.20"]
[Round "5.19"]
[White "Milliet, Sophie"]
[Black "Kirtadze, Anastasia"]
[Result "1-0"]
[WhiteTitle "IM"]
[BlackTitle "WIM"]
[WhiteElo "2351"]
[BlackElo "2308"]
[WhiteTeam "France"]
[BlackTeam "Georgia"]
[WhiteFideId "623725"]
[BlackFideId "13622714"]
[EventDate "2025.11.18"]

1. Nf3 Nf6 2. c4 c5 3. Nc3 Nc6 4. d4 cxd4 5. Nxd4 e6 6. Bf4 Be7 7. Ndb5 e5 8.
Bg5 O-O 9. Bxf6 Bxf6 10. e3 Be7 11. Nd5 a6 12. Nbc3 d6 13. Be2 Be6 14. O-O f5
15. Qb3 Rb8 16. Rad1 Kh8 17. Qa3 Bxd5 18. Nxd5 Bf6 19. Rd2 f4 20. exf4 exf4 21.
Nxf4 Be5 22. Ne6 Qf6 23. Nxf8 Rxf8 24. Qh3 g6 25. Bf3 Nd4 26. Rfd1 Qg7 27. Be4
h5 28. b3 b6 29. Qe3 Ne6 30. g3 g5 31. Rxd6 Bxd6 32. Rxd6 Nf4 33. f3 Re8 34. Kf2
Nh3+ 35. Ke2 Rf8 36. Qxb6 Qb2+ 37. Rd2 Qg7 38. Qd4 Rf6 39. Qe5 Ng1+ 40. Kd1 Qf8
41. Rd7 Nh3 42. Rh7+ Kg8 43. Qd5+ Rf7 44. Rxf7 Qxf7 45. Qxf7+ Kxf7 46. Ke2 Kf6
47. Bb7 a5 48. Bc8 1-0

[Event "World Women's Team Pool B"]
[Site "Linares ESP"]
[Date "2025.11.20"]
[Round "5.20"]
[White "Mgeladze, Kesaria"]
[Black "Schippke, Manon"]
[Result "0-1"]
[WhiteTitle "WIM"]
[BlackTitle "WIM"]
[WhiteElo "2271"]
[BlackElo "2339"]
[WhiteTeam "Georgia"]
[BlackTeam "France"]
[WhiteFideId "13621130"]
[BlackFideId "45100446"]
[EventDate "2025.11.18"]

1. e4 e6 2. d4 d5 3. Nc3 Nf6 4. e5 Nfd7 5. f4 c5 6. Nf3 Nc6 7. Be3 cxd4 8. Nxd4
Bc5 9. Qd2 O-O 10. O-O-O Bxd4 11. Bxd4 Qa5 12. Kb1 Rb8 13. h4 b5 14. h5 b4 15.
Ne2 Ba6 16. Nc1 Bxf1 17. Rhxf1 Nxd4 18. Qxd4 Qc7 19. Rfe1 Rfc8 20. Re2 Nc5 21.
g4 Ne4 22. f5 Rb6 23. Nb3 Rc6 24. Qd3 Qxe5 25. Nd2 Rc3 26. Qb5 Rxc2 27. Qxb4 Qc7
28. a3 Rxb2+ 29. Qxb2 Nc3+ 30. Ka1 Nxd1 31. Qb3 Rb8 32. Qd3 Qc1+ 33. Nb1 Nc3 0-1

[Event "World Women's Team Pool B"]
[Site "Linares ESP"]
[Date "2025.11.20"]
[Round "5.21"]
[White "Tokhirjonova, Gulrukhbegim"]
[Black "Padmini, Rout"]
[Result "1/2-1/2"]
[WhiteTitle "IM"]
[BlackTitle "IM"]
[WhiteElo "2369"]
[BlackElo "2337"]
[WhiteTeam "Uzbekistan"]
[BlackTeam "India"]
[WhiteFideId "14203626"]
[BlackFideId "5029295"]
[EventDate "2025.11.18"]

1. d4 Nf6 2. c4 g6 3. g3 Bg7 4. Bg2 O-O 5. Nc3 d6 6. Nf3 Nc6 7. O-O e5 8. dxe5
Nxe5 9. Nxe5 dxe5 10. Qb3 c6 11. Be3 Qc7 12. Rfd1 Bf5 13. Na4 b6 14. Nc3 Rfd8
15. c5 Rxd1+ 16. Rxd1 Rb8 17. cxb6 axb6 18. Qc4 Rc8 19. h3 h6 20. Qb4 c5 21. Qb5
Rd8 22. Rc1 Bd7 23. Qc4 Be6 24. Qa4 Nd5 25. Nxd5 Bxd5 26. Bxd5 Rxd5 27. b4 Bf8
28. bxc5 bxc5 29. Qc4 Rd8 30. a4 Ra8 31. Kh2 h5 32. Rb1 Qa7 33. Ra1 Qa5 34. Ra2
Qb4 35. Qd5 Rxa4 36. Rxa4 Qxa4 37. Qxe5 Qc6 38. Qb8 Qd6 39. Qc8 Kg7 40. Bf4 Qe7
41. e4 f6 42. Qb8 Kf7 43. e5 fxe5 44. Bxe5 Qd7 45. Qb3+ Qe6 46. Qf3+ Qf5 47.
Qd5+ Ke8 48. Qc6+ Kf7 49. Qd5+ Ke8 50. Qc6+ Kf7 51. Qd5+ Ke8 1/2-1/2